Vokcab:Democracy in the US - Statistiken

Allgemein
  • Dieses Quiz wurde 17 mal gespielt
  • Das Durchschnittsergebnis liegt bei 13 aus 48
Antwortstatistiken
Deutsch Englisch % Korrekt
zerbrechlich, Zerbrechlichkeit fragile, fragility
86%
Krise, Krisen crisis, crises
71%
Bei der Wahl at the ballot box
57%
abschaffen, Abschaffung to abolish, abolition
57%
angreifen, Angriff to assault, assault
57%
schützen, sichern to safeguard
57%
beispiellos unprecedented
57%
Teilung cleavage
43%
Staatsstreich coup d'état
43%
Kriegsrecht martial law
43%
Aufhebung der Verfassung suspension of the constitution
43%
Auf Schweigen stoßen to be met with silence
43%
zwingen, Zwang to coerce, coercion
43%
polarisieren, polarisiert sein to polarize, to be polarized
43%
wegdrücken, wegquetschen to swat away
43%
Autoritarismus/ Autokratie authoritarianism, authoritarian
29%
Wahlkreis constituency
29%
tiefsitzende Spaltung deep-seated divide
29%
anschwellende Spannungen mounting tensions
29%
politische(r) Stillstand/ Lähmung political paralysis
29%
Widerstand resistance
29%
verbarrikadiert sein to be barricaded
29%
überbrücken to bridge (the gap, the divide)
29%
zusammenbrechen, Zusammenbruch to collapse, collapse
29%
ein Parteiensystem durcheinanderbringen to disrupt a party system
29%
auftreren, hervortreten, aufkommen to emerge
29%
einimpfen, Schutz bieten to inoculate
29%
schusssichere Weste, Körperpanzerung to wear body armor
29%
unmerklich, unbemerkt Imperceptible
14%
allgegenwärtig, überall vorhanden pervasive
14%
jdn, aufgeben, verlassen to abandon so.
14%
trotzen, wiedersetzen to defy
14%
Die Kontrolle übernehmen, Machtergreifung to seize control, seizure of power
14%
Auf die Straßen gehen to take to the streets
14%
Unter dem Befehl von under the command of
14%
Zur Verteidigung von in defence of
0%
politischer Riss political fissure
0%
Vorbote precursor
0%
Belastung, Spannung strain
0%
geplagt sein to be wracked
0%
die raue/scharfe Rhetorik ablegen to discard the harsh rhetoric
0%
etwas zerlegen, abbauen, auseinandernehmen to dismantle sth.
0%
ausweiden, ausnehmen to eviscerate
0%
rebellieren, Rebellion/ Aufstand to insurge insurrection
0%
im kollektiven Gedächtnis verweilen/verbleiben to linger in collective memory
0%
einen Anschein wahren,eine Fassade aufrecht erhalten to maintain a veneer
0%
Wahlrecht annullieren/ aufheben to rescind (voting rights)
0%
Einen Vorgang untergraben to subvert a process
0%
Keine übereinstimmenden Quizze gefunden
Verteilung der Resultate
Anzahl Personen mit jedem Resultat
Perzentil nach korrekt beantworteten Fragen
Ihre Resultats-Entwicklung
Sie haben dieses Quiz noch nicht gespielt